| 000 | 00706nam a22002057a 4500 | ||
|---|---|---|---|
| 003 | OSt | ||
| 005 | 20251022032315.0 | ||
| 008 | 251022b |||||||| |||| 00| 0 eng d | ||
| 020 | _a 978-981-4780-520 | ||
| 040 |
_aDWCL-Main lib _cOC |
||
| 082 |
_25th edition _aCirc. 624.1513 D26p 2017 |
||
| 100 | _aBraja M. Das | ||
| 245 |
_aFundamentals of Geotechnical Engineering/ _cBraja M. Das |
||
| 250 | _a5th edition | ||
| 260 |
_aSingapore: _bCengage Learning Asia , _cc2017 |
||
| 300 |
_axx, 774 pages : _billustrations ; _c23cm. |
||
| 650 | _a1. Engineering geology- Problems, exercises etc. | ||
| 650 | _a2. Soil mechanics- Problems, exercises etc. | ||
| 942 |
_2ddc _cBK-CIRC _e5th edition _kCirc. _n0 |
||
| 999 |
_c5008 _d5008 |
||